000 00688nam a2200241Ia 4500
003 OSt
005 20220923224342.0
006 a|||||r|||| 00| 0
007 ta
008 Pun
024 _a231,547
037 _cTextual
040 _aARTS
_cARTS
_bPun
041 _2Pun
_aPun
082 _aO153:g, K4
100 _aਸਿੰਘ, ਅਮਰਜੀਤ
_9156291
245 0 _aਸਾਹਿਤ ਮੂਲਿਆਂਕਣ
260 _aਲੁਧਿਆਣਾ
_b ਲਾਹੌਰ ਬੁਕ Fਾਪ
_c1964
300 _a176ਪੰ
_ccm.
650 _aਪੰਜਾਬੀ ਸਾਹਿਤ
942 _hO153:g, K4
_cTEXL
_2CC
999 _c370892
_d370892